Statistics for The Last Dance - Multiple Choice Quiz

Click here to take the quiz!

General Stats

  • This quiz has been taken 423 times
    (195 since last reset)
  • The average score is 14 of 16

Answer Stats

Question Answer % Correct
Whose death was an important part of the series?Jordan's father
97%
Besides basketball and baseball, what other sport is Michael Jordan passionate about?Golf
97%
What scandal was Jordan involved with right before his first retirement?Gambling
93%
Who was the GM of the Bulls that was portrayed as a villain?Jerry Krause
93%
What player did Jordan supposedly conspire to keep off the Dream Team roster?Isiah Thomas
92%
Who was Dennis Rodman's girlfriend?Carmen Electra
92%
What Hollywood director appeared in commercials for Air Jordan shoes?Spike Lee
92%
Why did Scottie Pippen refuse to play the last 1.8 seconds of a playoff game in 1994?The last shot was called for Toni Kukoč, not him
91%
What number did Jordan wear during his mid-season return to basketball in 1995?45
91%
What offense did the Bulls run during their six title runs?Triangle
91%
What was controversial about Jordan's game-winning shot in Game 6 of the 1998 NBA Finals, his last shot as a Bull?He pushed off
86%
What team did the Bulls defeat in 1998 to win their sixth and final championship?Jazz
84%
Who could be described as the "new John Paxson"?Steve Kerr
83%
What 1991 opponent was Jordan talking about when he said "I’m not saying he wasn’t a threat, but me being compared to him, I took offense to that".Clyde Drexler
78%
What AA baseball team did Michael Jordan play for?Birmingham Barons
74%
Who did Jordan score 63 points against in the 1986 NBA Playoffs?Celtics
66%

Score Distribution

Percentile by Number Answered

Percent of People with Each Score

Your Score History

You have not taken this quiz since the last reset